Công nghệ gia công áp lực
Giới thiệu về công nghệ gia công áp lực, những kiến thức cơ bản về biến dạng dẻo kim loại, thiết bị gia công áp lực, công nghệ dập khối, công nghệ dập tấm, các phương pháp dập tạo hình đặc biệt....
Uloženo v:
| Hlavní autor: | |
|---|---|
| Další autoři: | , , |
| Médium: | Kniha |
| Jazyk: | Vietnamese |
| Vydáno: |
H.
Bách khoa Hà Nội
2020
|
| Vydání: | Xuất bản lần thứ 2 |
| Témata: | |
| Tagy: |
Přidat tag
Žádné tagy, Buďte první, kdo otaguje tento záznam!
|
| Thư viện lưu trữ: | Thư viện Trường Đại học Nam Cần Thơ |
|---|
| LEADER | 01533nam a22002537a 4500 | ||
|---|---|---|---|
| 001 | NCT_87847 | ||
| 008 | 201208b xxu||||| |||| 00| 0 vie d | ||
| 999 | |c 4329 |d 4329 | ||
| 020 | |a 9786049931093 |c 115000 | ||
| 082 | 0 | 4 | |2 23rd ed. |a 671.3 |b Ngh250 |
| 100 | 1 | |a Phạm Văn Nghệ |e Chủ biên | |
| 245 | 1 | 0 | |a Công nghệ gia công áp lực |c Phạm Văn Nghệ, Nguyễn Đắc Trung, Lê Trung Kiên (Chủ biên) ; Nguyễn Trường An,...[et al.] |
| 250 | |a Xuất bản lần thứ 2 | ||
| 260 | |a H. |b Bách khoa Hà Nội |c 2020 | ||
| 300 | |a 239 tr. |b Minh họa |c 24cm | ||
| 520 | 3 | |a Giới thiệu về công nghệ gia công áp lực, những kiến thức cơ bản về biến dạng dẻo kim loại, thiết bị gia công áp lực, công nghệ dập khối, công nghệ dập tấm, các phương pháp dập tạo hình đặc biệt. | |
| 653 | |a Công nghệ kỹ thuật ô tô | ||
| 700 | 1 | |a Nguyễn Đắc Trung |e Chủ biên | |
| 700 | 1 | |a Lê Trung Kiên |e Chủ biên | |
| 700 | 1 | |a Nguyễn Trường An | |
| 942 | |2 ddc |c BK | ||
| 952 | |0 0 |1 0 |2 ddc |4 0 |6 671_300000000000000_NGH250 |7 0 |9 20922 |a 000001 |b 000001 |d 2020-12-08 |o 671.3 Ngh250 |p MD.18200 |r 2020-12-08 |v 115000.00 |w 2020-12-08 |y BK | ||
| 952 | |0 0 |1 0 |2 ddc |4 0 |6 671_300000000000000_NGH250 |7 0 |9 20923 |a 000001 |b 000001 |d 2020-12-08 |o 671.3 Ngh250 |p MD.18201 |r 2020-12-08 |v 115000.00 |w 2020-12-08 |y BK | ||
| 980 | |a Thư viện Trường Đại học Nam Cần Thơ | ||


